Statistics for Children of Tsar Nicholas 2 of Russia

Click here to take the quiz!

General Stats

  • This quiz has been taken 47 times
  • The average score is 4 of 5

Answer Stats

HintAnswer% Correct
4th DaughterAnastasia
98%
1st DaughterOlga
93%
3rd DaughterMaria
82%
2nd DaugterTatiana
82%
Only sonAlexei
73%

Score Distribution

Percentile by Number Answered

Percent of People with Each Score

Your Score History

You have not taken this quiz